|
|
|
|
| LEADER |
00000nam0a2200000 4500 |
| 001 |
27327 |
| 005 |
20231101205803.0 |
| 010 |
|
|
|a 5887480130
|
| 035 |
|
|
|a (RuTPU)RU\TPU\book\27576
|
| 035 |
|
|
|a BOOK00027651
|
| 090 |
|
|
|a 27327
|
| 100 |
|
|
|a 20011209d2000 km y0rusy50 ca
|
| 101 |
0 |
|
|a rus
|
| 102 |
|
|
|a RU
|
| 105 |
|
|
|a y z 000zy
|
| 200 |
1 |
|
|a Банковский надзор и инспектирование
|f М. Н. Скурихин, Н. В. Фадейкина
|
| 210 |
|
|
|a Новосибирск
|c [Б. и.]
|d 2000
|
| 215 |
|
|
|a 144 с.
|
| 606 |
1 |
|
|a Банковская деятельность
|x Экономика
|2 stltpush
|3 (RuTPU)RU\TPU\subj\72815
|9 86208
|
| 610 |
1 |
|
|a финансы
|
| 610 |
1 |
|
|a банки
|
| 610 |
1 |
|
|a надзор
|
| 610 |
1 |
|
|a контроль
|
| 610 |
1 |
|
|a инспектирование
|
| 610 |
1 |
|
|a кредитные организации
|
| 686 |
|
|
|a У9(2)262.10
|v LBC/SL-A
|2 rubbk
|
| 700 |
|
1 |
|a Скурихин
|b М. Н.
|g Максим Николаевич
|
| 701 |
|
1 |
|a Фадейкина
|b Н. В.
|g Наталья Владимировна
|
| 801 |
|
0 |
|a RU
|b 63413507
|c 20011209
|g PSBO
|
| 801 |
|
2 |
|a RU
|b 63413507
|c 20210316
|g PSBO
|
| 942 |
|
|
|c BK
|